Vol. 74, № 12; Analytical Chemistry

書誌詳細
Parent link:Analytical Chemistry/ American Chemical Society. Vol. 74, № 12.— , 1947-1973, 1976-1990, 1993-2002
言語:英語
出版事項: 2002
フォーマット: 図書
KOHA link:https://koha.lib.tpu.ru/cgi-bin/koha/opac-detail.pl?biblionumber=560981

MARC

LEADER 00000nam2a2200000 4500
001 560981
005 20251107133430.0
035 |a (RuTPU)RU\TPU\prd\256124 
035 |a RU\TPU\prd\256117 
090 |a 560981 
100 |a 20160421d2002 k||y0rusy50 ba 
101 0 |a eng 
102 |a US 
105 |a a z 000yy 
200 0 |a Vol. 74, № 12 
210 |d 2002 
215 |a 1C-4C, p. 2623-2922 
461 1 |0 379637  |t Analytical Chemistry  |f American Chemical Society  |v Vol. 74, № 12  |d 1947-1973, 1976-1990, 1993-2002  |9 379637 
801 0 |a RU  |b 63413507  |c 20010227  |g PSBO 
801 1 |a RU  |b 63413507  |c 20020228  |g PSBO 
801 2 |a RU  |b 63413507  |c 20191025  |g PSBO 
942 |c CR